01280nam a22002417a 4500999001500000003000900015008004100024020001800065040007100083082001800154100003000172245003800202260004100240300003100281505045900312650004800771650004100819650002400860650003100884942001600915945000900931952009800940 c8677d8677AR-CdUCM190325b ||||| |||| 00| 0 spa d a9788491264583 aMUNICIPALIDAD PROVINCIAL DEL CUSCOcBIBLIOTECA MUNICIPAL DEL CUSCO a868.7 /bG22D aGarcía Martínez, Luis aDías azules para Ibiza y Leo /  aEspaña : bCírculo Rojo, c2016. a193 páginas ; c19.5 cm. aResumen: Días azules para Ibiza y Leo es un dibujo del humano imperfecto. La crisis del individuo en una sociedad en crisis. La felicidad, la infidelidad, lo que somos, lo que sentimos, lo que escondemos… Lo que soñamos y/o vivimos. Son retales de la vida cotidiana, con todas sus angustias, sus miedos, sus anhelos… Días azules para Ibiza y Leo es un paseo por el mundo, son almas heridas, atardeceres, lagrimas, certezas, alcohol, sonrisas… aNarrativa española contemporánea924251 aNovela - España - Siglo XXI924252 aNovela juvenil9823 aAutores españoles911961 2ddccLIBROS alccs 002ddc4070aSHbSHcCARTd2019-03-25g35.00o868.7 / G22DpSH0000009161r2019-03-25yLIBROS